[Event "NRW Class2 0506"]
[Site "Germany"]
[Date "2006.04.02"]
[Round "8.7"]
[White "Loges, Wilhelm"]
[Black "Neftik, Ilja"]
[Result "1/2-1/2"]
[WhiteElo "1764"]
[BlackElo "1607"]
[PlyCount "24"]
[EventDate "2005.09.25"]
[EventType "team"]
[EventRounds "9"]
[EventCountry "GER"]
[SourceTitle "EXT 2006"]
[Source "ChessBase"]
[SourceDate "2005.11.24"]
[SourceVersion "1"]
[SourceVersionDate "2005.11.24"]
[SourceQuality "1"]
[WhiteTeam "Emsdetten Turm II"]
[BlackTeam "Bochum 31 II"]
[WhiteTeamCountry "GER"]
[BlackTeamCountry "GER"]

1. e4 e5 2. Nf3 Nc6 3. Bb5 d6 4. 0-0 Bd7 5. d4 exd4 6. Nxd4 Nxd4 7. Bxd7+ Qxd7 8. Qxd4 Nf6 9. Nc3 Be7 10. Bf4 0-0 11. e5 dxe5 12. Bxe5 Qxd4 1/2-1/2

[Event "GER-chT U20"]
[Site "Berlin"]
[Date "2005.12.29"]
[Round "5.6"]
[White "Richter, Dustin"]
[Black "Neftik, Ilja"]
[Result "0-1"]
[WhiteElo "1432"]
[BlackElo "1587"]
[PlyCount "56"]
[EventDate "2005.12.27"]
[EventType "team-swiss"]
[EventRounds "7"]
[EventCountry "GER"]
[SourceTitle "EXT 2022"]
[Source "ChessBase"]
[SourceDate "2021.10.06"]
[SourceVersion "1"]
[SourceVersionDate "2021.10.06"]
[SourceQuality "1"]
[WhiteTeam "Sangerhausen U20"]
[BlackTeam "Bochum SG 31 U20"]
[WhiteTeamCountry "GER"]
[BlackTeamCountry "GER"]

1. e4 e5 2. Nf3 Nc6 3. Bb5 d6 4. d4 exd4 5. Nxd4 Bd7 6. 0-0 Nxd4 7. Bxd7+ Qxd7 8. Qxd4 c5 9. Qd3 Be7 10. Nc3 Nf6 11. h3 0-0 12. Bf4 Rfe8 13. Rad1 Rad8 14. g4 Qc6 15. Bg3 a6 16. f3 Qb6 17. Na4 Qc6 18. Nc3 Qb6 19. b3 d5 20. exd5 c4+ 21. Bf2 Qxf2+ 22. Rxf2 cxd3 23. Rxd3 Bc5 24. Kg2 Bxf2 25. Kxf2 Rc8 26. Kg3 h6 27. h4 Re7 28. Kf4 Rxc3 0-1

[Event "GER-chT U20"]
[Site "Berlin"]
[Date "2005.12.27"]
[Round "2.6"]
[White "Wall, Max"]
[Black "Neftik, Ilja"]
[Result "1/2-1/2"]
[WhiteElo "1889"]
[BlackElo "1587"]
[PlyCount "73"]
[EventDate "2005.12.27"]
[EventType "team-swiss"]
[EventRounds "7"]
[EventCountry "GER"]
[SourceTitle "EXT 2022"]
[Source "ChessBase"]
[SourceDate "2021.10.06"]
[SourceVersion "1"]
[SourceVersionDate "2021.10.06"]
[SourceQuality "1"]
[WhiteTeam "Hannover Post U20"]
[BlackTeam "Bochum SG 31 U20"]
[WhiteTeamCountry "GER"]
[BlackTeamCountry "GER"]

1. e4 e5 2. Nf3 Nc6 3. Bb5 a6 4. Bxc6 dxc6 5. 0-0 Nf6 6. Re1 Bg4 7. h3 Bxf3 8. Qxf3 c5 9. d3 h6 10. Be3 Qd7 11. Nd2 b5 12. a4 c6 13. Qg3 Qe6 14. axb5 cxb5 15. Ra5 Nd7 16. Rea1 Qb6 17. b4 g6 18. Nf3 Bg7 19. bxc5 Qc6 20. R1a2 0-0 21. h4 Rfe8 22. c4 Nxc5 23. Bxc5 Qxc5 24. cxb5 Reb8 25. bxa6 Rb5 26. Rxb5 Qxb5 27. Rd2 Rxa6 28. Kh2 Rd6 29. Ne1 h5 30. Qe3 Kh7 31. g3 Bh6 32. f4 exf4 33. gxf4 Re6 34. Qg3 Qb8 35. e5 Rxe5 36. fxe5 Bxd2 37. Nf3 1/2-1/2

[Event "Oberliga NRW 9900 II"]
[Site "Germany"]
[Date "2000.05.11"]
[Round "9.8"]
[White "Tenelsen, Stefan"]
[Black "Neftik, Ilja"]
[Result "1-0"]
[WhiteElo "2060"]
[BlackElo "727"]
[PlyCount "67"]
[EventDate "1999.10.26"]
[EventType "team"]
[EventRounds "9"]
[EventCountry "GER"]
[SourceTitle "EXT 2001"]
[Source "ChessBase"]
[SourceDate "2000.11.22"]
[SourceVersion "1"]
[SourceVersionDate "2000.11.22"]
[SourceQuality "1"]
[WhiteTeam "Koeln KKS"]
[BlackTeam "Bochum II"]
[WhiteTeamCountry "GER"]
[BlackTeamCountry "GER"]

1. d4 d5 2. Nf3 Nf6 3. g3 g6 4. Bg2 Bg7 5. 0-0 0-0 6. b3 Nc6 7. Bb2 Bf5 8. Nbd2 Nb4 9. c3 Nc6 10. c4 e6 11. h3 h5 12. Nh4 Ne7 13. Nxf5 Nxf5 14. e3 Ne7 15. Qe2 Nc6 16. Rad1 Re8 17. f4 Nh7 18. Nf3 f6 19. e4 dxe4 20. Qxe4 f5 21. Qe3 Nf6 22. Ne5 Nd5 23. cxd5 exd5 24. Qf3 Bxe5 25. Qxd5+ Qxd5 26. Bxd5+ Kh7 27. Bxc6 bxc6 28. dxe5 Rg8 29. Rd7+ Kh6 30. h4 Rac8 31. e6 Rge8 32. Bf6 g5 33. fxg5+ Kg6 34. Rg7# 1-0